[Event "Oberliga Sued W 1415"]
[Site "Germany"]
[Date "2015.04.12"]
[Round "9.4"]
[White "Kohlbruch, Jens"]
[Black "Stahnecker, Ludwig"]
[Result "0-1"]
[WhiteElo "1932"]
[BlackElo "2126"]
[PlyCount "130"]
[EventDate "2014.09.21"]
[EventType "team-tourn"]
[EventRounds "9"]
[EventCountry "GER"]
[SourceTitle "EXT 2019"]
[Source "ChessBase"]
[SourceDate "2018.10.10"]
[SourceVersion "1"]
[SourceVersionDate "2018.10.10"]
[SourceQuality "1"]
[WhiteTeam "Mutterstadt"]
[BlackTeam "Koblenz SV"]
[WhiteTeamCountry "GER"]
[BlackTeamCountry "GER"]

1. c4 Nf6 2. g3 e6 3. Bg2 d5 4. d4 c6 5. cxd5 exd5 6. Nc3 Bd6 7. Nf3 0-0 8. 0-0 Re8 9. Qc2 Nbd7 10. Re1 Nf8 11. Bd2 b5 12. a3 Qb6 13. Rad1 Ne6 14. e3 Bb7 15. b4 a5 16. Rb1 axb4 17. axb4 Ra6 18. Rec1 Rea8 19. Ne1 Bc8 20. Nd3 Ng5 21. h4 Nge4 22. Nxe4 Nxe4 23. Bxe4 dxe4 24. Nc5 Ra2 25. Qxe4 Rxd2 26. Qe8+ Bf8 27. Ne4 Rda2 28. Rxc6 Qb8 29. Nd6 Be6 30. Rc8 Qxd6 31. Rxa8 Rxa8 32. Qxa8 Bd5 33. Qe8 Qg6 34. Rc1 Qg4 35. Qxb5 Qf3 36. Kf1 Qh1+ 37. Ke2 Qxc1 38. Qxd5 Qb2+ 39. Kf3 Qxb4 40. Kg2 Qb6 41. Qe4 Qf6 42. Qd5 g6 43. Qa8 Kg7 44. Qb7 Qf5 45. e4 Qf6 46. Qd7 Bb4 47. e5 Qb6 48. Kf3 Bc3 49. Ke3 Qb2 50. e6 Qd2+ 51. Kf3 Qd3+ 52. Kf4 Qf5+ 53. Ke3 Qxe6+ 54. Qxe6 fxe6 55. g4 Kf6 56. f4 Be1 57. Ke4 Bxh4 58. d5 exd5+ 59. Kxd5 Bg3 60. Ke4 Ke6 61. Kf3 Be1 62. Ke3 Kd5 63. Ke2 Ke4 64. f5 Bc3 65. Kf2 Kf4 0-1

[Event "Oberliga Sued W 1415"]
[Site "Germany"]
[Date "2015.01.18"]
[Round "5.5"]
[White "Enzmann, Steffen"]
[Black "Kohlbruch, Jens"]
[Result "1-0"]
[WhiteElo "2153"]
[BlackElo "1932"]
[PlyCount "67"]
[EventDate "2014.09.21"]
[EventType "team-tourn"]
[EventRounds "9"]
[EventCountry "GER"]
[SourceTitle "EXT 2019"]
[Source "ChessBase"]
[SourceDate "2018.10.10"]
[SourceVersion "1"]
[SourceVersionDate "2018.10.10"]
[SourceQuality "1"]
[WhiteTeam "Heidesheim"]
[BlackTeam "Mutterstadt"]
[WhiteTeamCountry "GER"]
[BlackTeamCountry "GER"]

1. Nf3 Nf6 2. g3 g6 3. Bg2 Bg7 4. 0-0 d5 5. d3 0-0 6. c3 Nbd7 7. Nbd2 b6 8. Re1 Bb7 9. d4 Re8 10. Qb3 e6 11. e4 dxe4 12. Ng5 Bd5 13. c4 e3 14. fxe3 Bxg2 15. Kxg2 c5 16. Ngf3 Qc7 17. Rf1 Rac8 18. Qc2 Bh6 19. Ne4 Ng4 20. Neg5 cxd4 21. b3 f6 22. Qe4 Nxe3+ 23. Bxe3 dxe3 24. Nxe6 Qd6 25. Rfd1 Nc5 26. Nxc5 Qxc5 27. Qh4 Bg7 28. Rd5 Qa3 29. Rad1 Qxa2+ 30. Kh3 Qf2 31. Rd7 Qxf3 32. Rxg7+ Kxg7 33. Rd7+ Kf8 34. Qh6+ 1-0

[Event "Frankfurt-ch"]
[Site "Frankfurt"]
[Date "2007.06.11"]
[Round "6"]
[White "Solonar, Stefan"]
[Black "Kohlbruch, Jens"]
[Result "1-0"]
[WhiteElo "2345"]
[BlackElo "1880"]
[PlyCount "79"]
[EventDate "2007.04.30"]
[EventType "swiss"]
[EventRounds "7"]
[EventCountry "GER"]
[SourceTitle "EXT 2008"]
[Source "ChessBase"]
[SourceDate "2007.11.25"]
[SourceVersion "1"]
[SourceVersionDate "2007.11.25"]
[SourceQuality "1"]

1. Nf3 Nf6 2. c4 c5 3. Nc3 Nc6 4. d4 cxd4 5. Nxd4 g6 6. e4 d6 7. f3 Bg7 8. Be3 0-0 9. Qd2 Bd7 10. Be2 a6 11. 0-0 Nxd4 12. Bxd4 Bc6 13. b4 Qc7 14. Rac1 Rac8 15. Qe3 Be8 16. f4 e6 17. e5 Nd7 18. exd6 Qxd6 19. Bxg7 Kxg7 20. c5 Qe7 21. Ne4 Nf6 22. Nd6 Rc7 23. Bf3 Bc6 24. Bxc6 bxc6 25. Qd4 Kg8 26. Rce1 Qd8 27. Qc4 Ra7 28. Rf3 Nd5 29. Ne4 Qb8 30. a3 Qb5 31. Qd4 a5 32. Nd6 Qa4 33. f5 exf5 34. Nxf5 f6 35. Ne3 Nxe3 36. Rfxe3 axb4 37. axb4 Rb7 38. Qc4+ Kg7 39. Re7+ Rf7 40. Qxf7+ 1-0